| 000 | 00756nam a22002057a 4500 | ||
|---|---|---|---|
| 005 | 20150310144416.0 | ||
| 010 | _aBAC-EN21 | ||
| 020 |
_a9788189530334 _c415.00 |
||
| 035 | _aB-593292-317 | ||
| 037 |
_bUBH/Ven _adpl |
||
| 082 | _a346.54015 | ||
| 100 | _aDiwan, Paras | ||
| 245 |
_aFamily law: _b(Hindus, Muslims, Christians, Parsis and Jews)/ _cby Paras Diwan and Peeyush Diwan |
||
| 260 |
_aFaridabad _bAllahabad Law Agency _c2013 |
||
| 270 |
_aPlot No. 33 16/2, Mathura Road _bFaridabad (Haryana) |
||
| 300 |
_axlviii, 600p. _c24cm. (pbk) |
||
| 500 | _aSupply received revised price Rs. 435.00 | ||
| 942 |
_2ddc _cEN _h346.54015 _mDIW |
||
| 999 |
_c89325 _d89325 |
||